[Event "High Wycombe e2e4 Challengers op 03"]
[Site "High Wycombe"]
[Date "2014.03.15"]
[Round "3"]
[White "White, Nicholas E"]
[Black "Ross, Stuart"]
[Result "0-1"]
[WhiteElo "1757"]
[BlackElo "1652"]
[PlyCount "56"]
[EventDate "2014.03.14"]
[EventType "swiss"]
[EventRounds "5"]
[EventCountry "ENG"]
[SourceTitle "EXT 2015"]
[Source "ChessBase"]
[SourceDate "2014.11.20"]
[SourceVersion "1"]
[SourceVersionDate "2014.11.20"]
[SourceQuality "1"]

1. d4 Nf6 2. c4 e6 3. Nc3 Bb4 4. Bd2 0-0 5. a3 Be7 6. e4 d5 7. e5 Nfd7 8. Nf3 c6 9. c5 f6 10. Bf4 fxe5 11. Bxe5 Nxe5 12. Nxe5 Nd7 13. Qh5 Rf5 14. Qh3 Nxe5 15. 0-0-0 Ng6 16. Kb1 Rxf2 17. Bd3 e5 18. Qe3 Rf6 19. Bxg6 exd4 20. Bxh7+ Kxh7 21. Qxd4 Qf8 22. b4 Rf4 23. Qe5 Qf5+ 24. Qxf5+ Bxf5+ 25. Kc1 Rc4 26. Kb2 Bf6 27. Rc1 Re8 28. Kb3 Re3 0-1